Corporate governance. / (Record no. 2373)

MARC details
000 -LEADER
fixed length control field 01027nam a22002057a 4500
008 - FIXED-LENGTH DATA ELEMENTS--GENERAL INFORMATION
fixed length control field 120925t xxu||||| |||| 00| 0 eng d
020 ## - INTERNATIONAL STANDARD BOOK NUMBER
International Standard Book Number 0071429999
050 ## - LIBRARY OF CONGRESS CALL NUMBER
Classification number HD2741.C77461
100 ## - MAIN ENTRY--PERSONAL NAME
Personal name Colley, John L.
245 ## - TITLE STATEMENT
Title Corporate governance. /
Statement of responsibility, etc. John L. Colley Jr.
260 ## - PUBLICATION, DISTRIBUTION, ETC.
Place of publication, distribution, etc. New York:
Name of publisher, distributor, etc. McGraw Hill,
Date of publication, distribution, etc. c2003.
300 ## - PHYSICAL DESCRIPTION
Extent xii, 259 p.:
Other physical details ill.;
Dimensions 23cm.
500 ## - GENERAL NOTE
General note Includes index
505 ## - FORMATTED CONTENTS NOTE
Formatted contents note Contents: Capitalism, free enterprise, and the corporation -- The Legal obligations of directors -- Board organization -- Board selection -- The Mystique of board meetings -- CEO succession planning, selection, and performance appraisal -- CEO compensation -- The Board-management relationship -- Corporate and capital structures -- Dealing with external pressures -- How directors get into trouble -- Not-for-profit organizations: the differences -- Final thoughts.
650 ## - SUBJECT ADDED ENTRY--TOPICAL TERM
Topical term following geographic name entry element Corporate governance
700 ## - ADDED ENTRY--PERSONAL NAME
Personal name Doyle, Jacqueline L.
700 ## - ADDED ENTRY--PERSONAL NAME
Personal name Logan, George W.
700 ## - ADDED ENTRY--PERSONAL NAME
Personal name Stattinius, Wallace
942 ## - ADDED ENTRY ELEMENTS (KOHA)
Source of classification or shelving scheme Library of Congress Classification
Koha item type Books
Holdings
Withdrawn status Lost status Source of classification or shelving scheme Damaged status Not for loan Home library Current library Shelving location Date acquired Total Checkouts Full call number Barcode Date last seen Price effective from Koha item type Copy number
    Library of Congress Classification     WISCONSIN INTERNATIONAL UNIVERSITY COLLEGE, GHANA - MAIN LIBRARY WISCONSIN INTERNATIONAL UNIVERSITY COLLEGE, GHANA - MAIN LIBRARY Reference 25/09/2012   HD2741.C77461 6396/12 25/09/2012 25/09/2012 Books  
    Library of Congress Classification     WISCONSIN INTERNATIONAL UNIVERSITY COLLEGE, GHANA - MAIN LIBRARY WISCONSIN INTERNATIONAL UNIVERSITY COLLEGE, GHANA - MAIN LIBRARY Reference 25/09/2012   HD2741.C77462 6397/12 25/09/2012 25/09/2012 Books 2

If you have any concerns or questions; kindly contact the library


© Powered by WIUC ICT DIRECTORATE